Central Library OPAC University of Rajshahi

Reaction mechanism in organic chemistry / (Record no. 11161)

MARC details
000 -LEADER
fixed length control field 00696nam a22002417a 4500
001 - CONTROL NUMBER
control field 11161
003 - CONTROL NUMBER IDENTIFIER
rucl marc code BD-RjUL
005 - DATE AND TIME OF LATEST TRANSACTION
control field 20211208235100.0
008 - FIXED-LENGTH DATA ELEMENTS--GENERAL INFORMATION
fixed length control field 140126t1984 ii a|||| |||| 001 0 eng d
035 ## - SYSTEM CONTROL NUMBER
System control number (BD-RjUL)11210
040 ## - CATALOGING SOURCE
Original cataloging agency BD-RjUL
Language of cataloging eng
Transcribing agency BD-RjUL
041 ## - LANGUAGE CODE
Language code of text/sound track or separate title eng
082 04 - DEWEY DECIMAL CLASSIFICATION NUMBER
Classification number 541.39
Author mark and year MUR 1984
100 1# - MAIN ENTRY--PERSONAL NAME
Personal name Mukherji, S M
9 (RLIN) 34524
245 10 - TITLE STATEMENT
Title Reaction mechanism in organic chemistry /
Statement of responsibility, etc. by S M Mukherji; S P Singh.
250 ## - EDITION STATEMENT
Edition statement 3rd ed.
260 ## - PUBLICATION, DISTRIBUTION, ETC. (IMPRINT)
Place of publication, distribution, etc. New Delhi :
Name of publisher, distributor, etc. Macmillan,
Date of publication, distribution, etc. 1984.
300 ## - PHYSICAL DESCRIPTION
Pagination xi, 553 p. :
Illustrations ill.,
Size 24 cm.
504 ## - BIBLIOGRAPHY, ETC. NOTE
Bibliography, etc Includes index.
650 #0 - SUBJECT ADDED ENTRY--TOPICAL TERM
Topical term or geographic name as entry element Chemical reaction -- Conditions and laws of.
9 (RLIN) 30099
700 1# - ADDED ENTRY--PERSONAL NAME
Personal name Singh, S. P.
942 ## - ADDED ENTRY ELEMENTS (KOHA)
Source of classification or shelving scheme Dewey Decimal Classification
Koha item type Books
Holdings
Lost status Source of classification or shelving scheme Damaged status Not for loan Collection code Permanent Location Current Location Shelving location Date acquired Source of acquisition Total Checkouts Full call number Date last seen Copy number Koha item type
  Dewey Decimal Classification   Not For Loan Non-fiction Central Library, University of Rajshahi Central Library, University of Rajshahi Reading Room 05/06/1989 Assistant High Commission Of India Rajshahi, Bangladesh.   541.39 MUR 1984 26/01/2014 C-1 Books